A incrível sombra de Jack Tom Percival (Record no. 193160)

MARC details
000 -LÍDER
campo de controle de tamanho fixo 00345 a2200145 4500
001 - NÚMERO DE CONTROLE
campo de controle 193160
020 ## - ISBN - INTERNATIONAL STANDARD BOOK NUMBER
ISBN - International Standard Book Number 978-85-7340-620-7
040 ## - FONTE DA CATALOGAÇÃO
Instituição que transcreveu o registro Magnum
240 10 - TÍTULO UNIFORME
Título uniforme A incrível sombra de Jack Tom Percival
Idioma da obra por
245 10 - TÍTULO
Título A incrível sombra de Jack Tom Percival
300 ## - DESCRIÇÃO FÍSICA
Extensão 29
362 0# - DATAS DE PUBLICAÇÃO E/OU DESIGNAÇÃO SEQUENCIAL
Datas de publicação e/ou designação sequencial 2013
697 ## - ENTRADA DE ASSUNTO LOCAL--ENTIDADE COLETIVA (RLIN)
Nome corporativo ou nome da jurisdição LITERATURA INFANTIL
942 ## - ELEMENTOS DE ENTRADA ADICIONADOS (KOHA)
Tipo de material Koha Livros
Holdings
Situação do descarte Situação das perdas Situação física Não pode ser emprestado Biblioteca de origem Biblioteca atual Data de aquisição Total de empréstimos Número de chamada completo Código de barras Data de último acesso Data do preço efetivo Tipo de material Koha
        Magnum Magnum 08/06/2024   869.0.1247 MAG00072158 08/06/2024 08/06/2024 Livros